Aladino e a lâmpada maravilhosa | Ali-Babá e os 40 ladrões (Registo nº 439)

Detalhes MARC
000 -Etiqueta do registo
Cabeçalho 00875nam0a2200229 4500
005 - Identificador da versão
Campo de controlo 20240821225206.0
021 ## - Número do Depósito Legal
Código do país PT
Número 92 997/95
100 ## - Dados gerais de processamento
Dados gerais de processamento 20160527d1995 a e0pory5003 ba
101 1# - Língua de publicação
Língua do texto, banda sonora, etc. Português
Língua do documento no original Francês
102 ## - Pais de publicação ou produção
País de publicação Portugal
200 1# - Titulo e menção de responsabilidade
Título próprio Aladino e a lâmpada maravilhosa
Informação de outro título um conto das 1001 noites
Título próprio Ali-Babá e os 40 ladrões
Informação de outro título um conto das 1001 noites
Primeira menção de responsabilidade versão portuguesa de Ricardo Alberty
Título próprio de outro autor O dragão do arrozal
Informação de outro título uma lenda japonesa
Primeira menção de responsabilidade versão portuguesa de Matilde Rosa Araújo
210 ## - Publicação, Distribuição, etc. 
Lugar da edição, distribuição, etc. Lisboa
Nome do editor, distribuidor, etc. Verbo
Data da publicação, distribuição, etc. D. L. 1995
215 ## - Descrição física 
Indicação específica da natureza do documento e extensão da espécie 98, [2] p.
Outras indicações físicas il. color
225 2# - Colecção 
Título próprio da colecção Contos maravilhosos
Nome de uma parte ou secção Clássicos da Literatura infantil
Indicação de volume 3
606 ## - Nome comum usado como assunto
Número de registo de entrada de autoridade 0002822
Palavra de ordem Literatura
Subdivisão de assunto Conto
Código do sistema CA
675 ## - Classificação Decimal Universal (CDU)
Notação 82-34
Edição 3ª ed.
Língua da edição por
702 #1 - Nome de autor-pessoa física (responsabilidade secundária)
Número de registo de entrada de autoridade 0002957
Palavra de ordem Alberty
Outra parte do nome não tomada para palavra de ordem Ricardo
Datas 1919-1992
Código de função Adaptador
Número de registo de entrada de autoridade 0002352
Palavra de ordem Araújo
Outra parte do nome não tomada para palavra de ordem Matilde Rosa
Datas 1921-2010
Código de função Adaptador
942 ## - Elementos de entrada adicionados (Koha)
Tipo de item no Koha Livro
966 ## - Identificação da Biblioteca
Sigla EB2,3ENM
Exemplares
Situação do levantamento Origin of item (home branch) (coded) Biblioteca de empréstimo Código de barras Cota Circulation type (not for loan) Tipo de documento Nota do exemplar Damaged status
  Biblioteca Escolar Eng. Nuno Mergulhão Biblioteca Escolar Eng. Nuno Mergulhão BENM138 82LE-34 CON   Livro Sem mensagem